01004nam a2200289 i 4500001000300000003000900003005001700012008003900029015001700068040003500085041001300120080001200133100002800145245008900173246005200262260005600314300003300370380001600403504001200419650002300431700003100454710004200485856009800527942001200625999001700637952006000654bgKOSZ 00520200630132824.0080307s1967 pl a f 001 0 pol aPB 1967/8553 aWA NcKOSZ 005/RWdKOSZ 005/RW1 apolheng a530.1451 aMatthews, Paul Taunton.10aWstęp do mechaniki kwantowej /cP. T. Matthews ; [z ang. tł. Andrzej Żardecki].1 iTyt. oryg.:aIntroduction to quantum mechanics. aWarszawa :bPaństwowe Wydawnictwo Naukowe,c1967. a226, [1] s. :bil. ;c18 cm. aKsiążki aIndeks. 4aMechanika kwantowa1 aŻardecki, Andrzej.eTł.2 aPaństwowe Wydawnictwo Naukowe4pbl. uhttp://koha.tu.koszalin.pl/cgi-bin/koha/opac-detail.pl?biblionumber=11520yKatalog online BPK 2UKDcKS c11520d11520 00104070aBPKbBPKcwo3620p02198453s2020-02-08yKS